000 00429nam a2200193Ia 4500
005 20240823014250.0
008 240823s9999||||xx |||||||||||||| ||und||
041 _aENGLISH
082 _A616.462 N3
100 _aAlexander D
245 0 _aDiabetes
250 _a1st
260 _c1993
_b"Pushtak Mahal,Delhi"
500 _aTransfered
650 _aDisease
_bGeneral
700 _a Gunn G
942 _cBK
999 _c169593
_d169593